000 00449nam a2200181Ia 4500
001 1268
005 20260306140619.0
008 260306t2006||||xx |||||||||||||| ||spa||
041 _aESP
082 _a190
_bM26
100 _aMaritain, Jacques, 1882-1973
_eAUT
245 0 _aTres reformadores:
_bLutero - Descartes - Rosseau
260 _c2006
300 _a199 páginas :
_c23 cm.
650 _aGEN
654 _aCHU
942 _cLIB
_dJUS
_fJUS
_2ddc
_n
999 _c1268
_d1268